|
|
|
|
| LEADER |
00841nam a2200241 a 4500 |
| 001 |
c000354165 |
| 003 |
CARM |
| 005 |
00000000000000.0 |
| 008 |
750421s1973 nz 00010 eng |
| 015 |
|
|
|a NZ***
|
| 019 |
1 |
|
|a 262882
|5 LACONCORD2021
|
| 020 |
|
|
|a 0705503682
|
| 035 |
|
|
|a (OCoLC)1141694
|5 LACONCORD2021
|
| 040 |
|
|
|d NNCU
|
| 050 |
0 |
0 |
|a PR9639.3.B3
|b A94 1973
|
| 082 |
1 |
|
|a 821.2
|2 19
|
| 100 |
1 |
|
|a Baxter, James K.
|q (James Keir),
|d 1926-1972.
|
| 245 |
1 |
0 |
|a Autumn testament /
|c James K. Baxter.
|
| 260 |
|
|
|a Wellington :
|b Price Milburn,
|c 1972, 1973 printing.
|
| 300 |
|
|
|a viii, 54 p. ;
|c 22 cm.
|
| 852 |
8 |
|
|b CARM
|h A1:AL04G0
|i B09858
|p 0443814
|f BK
|
| 999 |
f |
f |
|i 24d85d23-6c6c-5c62-ba22-aa9597d80026
|s 9a75ea57-1089-5a78-8410-719a9469bc00
|
| 952 |
f |
f |
|p Can circulate
|a CAVAL
|b CAVAL
|c CAVAL
|d CARM 1 Store
|e B09858
|f A1:AL04G0
|h Other scheme
|i book
|m 0443814
|